000 00939nmm a2200289 a 4500
001 ocm000589451
003 TR-IsHL
005 20201028121201.0
008 130705s1998 tu tur
007 cr cn
020 _a9789757244028
035 _a589451
_b(N$T)
050 0 4 _aB840
_b.R87 1998
090 0 4 _aB840
_b.R87 1998
100 1 _aRussell, Bertrand
245 1 0 _aVaroluşçunun bunalımı
_h[electronic resource] /
_cBertrand Russell ; çev. Türkan Araz
250 _a2. bs.
260 _aİstanbul :
_bToplumsal Dönüşüm Yayınları,
_c1998
300 _a48 p.
650 4 _aFelsefe, Psikoloji ve Din
650 4 _aPhilosophy, Psychology and Religion
650 0 _aVaroluşçuluk
650 0 _aExistentialism
650 7 _aPHILOSOPHY / Movements / Existentialism
_2bisacsh
700 1 _aAraz, Türkan
856 4 0 _uhttp://search.ebscohost.com/login.aspx?direct=true&scope=site&db=e011xww&AN=589451
999 _c1185
_d1185